Detalles MARC
| 000 -LÍDER |
| Campo fijo de descripción fija |
02425cam a2200505 i 4500 |
| 001 - NÚMERO DE CONTROL |
| Campo de control |
4454201 |
| 003 - IDENTIFICADOR DEL NÚMERO DE CONTROL |
| Campo de control |
CO-MdFUSB |
| 005 - FECHA Y HORA DE LA ULTIMA TRANSACCIÓN |
| control field |
20190202100246.0 |
| 008 - ELEMENTOS DE LONGITUD FIJA -- INFORMACIÓN GENERAL |
| Campo fijo de descripción fija -- Información general |
951109t1996 nyu f b 001 0 eng |
| 010 ## - NÚMERO DE CONTROL DE LA BIBLIOTECA DEL CONGRESO |
| Número de control LC |
95050123 |
| 020 ## - NÚMERO INTERNACIONAL NORMALIZADO PARA LIBROS |
| Número Internacional Normalizado del libro |
1570750688 (alk. paper) |
| 040 ## - FUENTE DE CATALOGACIÓN |
| Agencia de catalogación original |
DLC |
| Agencia que realiza la transcripción |
CO-MdFUSB |
| Agencia que realiza la modificación |
CO-MdFUSB |
| Idioma de catalogación |
spa |
| Convenciones de la descripción |
rda |
| 041 1# - CÓDIGO DE IDIOMA |
| Código de idioma para texto/pista de sonido o título separado |
eng |
| Código de idioma original |
spa |
| 082 00 - NÚMERO DE CLASIFICACIÓN DECIMAL DEWEY |
| Número de la edición del Dewey |
24 |
| Número de clasificación |
G 230.0464 |
| Clave de autor-Numero de item |
SY995s |
| 130 0# - ASIENTO PRINCIPAL--TITULO UNIFORME |
| Form subheading |
Selections. |
| Idioma de una obra |
English. |
| 245 10 - TÍTULO |
| Título del Material |
Systematic theology |
| Parte restante del título - Subtitulo |
: perspectives from liberation theology : readings from Mysterium liberationis |
| Mención de responsabilidad, etc. |
/ Editado por Jon Sobrino y Ignacio Ellacuría. |
| 264 #1 - PRODUCCIÓN, PUBLICACIÓN, DISTRIBUCIÓN, MANUFACTURA, Y COPYRIGHT |
| Lugar de producción, publicación, distribución, manufactura |
Maryknoll, N.Y. : |
| Nombre del productor, publicador, distribuidor |
Orbis Books, |
| Fecha de producción, publicación, distribución, manufactura, o copyright |
℗[1996} |
| 264 #4 - PRODUCCIÓN, PUBLICACIÓN, DISTRIBUCIÓN, MANUFACTURA, Y COPYRIGHT |
| Fecha de producción, publicación, distribución, manufactura, o copyright |
©1996 |
| 300 ## - DESCRIPCIÓN FÍSICA |
| Extensión |
xiii, 302 páginas : |
| Dimensiones |
24 cm. |
| 336 ## - TIPO DE CONTENIDO |
| Fuente |
rdacontent |
| Término de tipo de contenido |
|
| Código de tipo de contenido |
|
| 337 ## - TIPO DE MEDIO |
| Fuente |
rdamedia |
| Nombre del tipo de medio |
|
| Código del tipo de medio |
|
| 338 ## - TIPO DE SOPORTE |
| Fuente |
rdacarrier |
| Nombre del tipo de soporte |
|
| Código Tipo de soporte |
|
| 504 ## - NOTA DE BIBLIOGRAFÍA, ETC. |
| Nota de bibliografía, etc |
Incluye índice (páginas. 299- 302) |
| 504 ## - NOTA DE BIBLIOGRAFÍA, ETC. |
| Nota de bibliografía, etc |
Bibliografía (págnas. 291- 296) |
| 505 ## - NOTA DE CONTENIDO |
| Nota de contenido con formato preestablecido |
Metodología de la Teología de la Liberación / Clodovis Boff --<br/> Opción para los pobres / Gustavo Gutiérrez -- Posición central del reinado de Dios en la Teología de la Liberación / Jon Sobrino -- Trinity / Leonardo Boff -- Dios el Padre / Ronaldo Muñoz --<br/> Jesús de Nazaret, Cristo el libertador / Carlos Bravo --<br/> Cristología Sistemática: Jesucristo, el Mediador Absoluto del Reino de Dios / Jon Sobrino -- El Espíritu Santo / José Comblin -- María / Ivone Gebara y María Clara Bingemer -- Eclesiología en la Teología de la Liberación / Álvaro Quiroz Magaña -- Pecado / José Ignacio González Faus -- Gracía / José Comblin -- Sacramentos / Victor Codina -- Espiritualidad y el seguimiento de Jesús / Jon Sobrino -- Los Crucificados / Ignacio Ellacuría --<br/> Esperanza, Utopía, Resurrección / Joao Batista Libanio |
| 650 #7 - ASIENTO SECUNDARIO DE MATERIA - TERMINO TEMÁTICO |
| Término temático o nombre geográfico como elemento de entrada |
Teología doctrinal |
| Fuente del encabezamiento o término |
|
| 9 (RLIN) |
179 |
| 650 #7 - ASIENTO SECUNDARIO DE MATERIA - TERMINO TEMÁTICO |
| Término temático o nombre geográfico como elemento de entrada |
Teología de la liberación |
| 9 (RLIN) |
449 |
| 700 1# - ASIENTO SECUNDARIO - NOMBRE PERSONAL |
| Nombre personal |
Sobrino, Jon. |
| 700 1# - ASIENTO SECUNDARIO - NOMBRE PERSONAL |
| Nombre personal |
Ellacuría, Ignacio. |
| 720 ## - ASIENTO SECUNDARIO - NOMBRE NO CONTROLADO |
| Nombre |
Bingemer, María Clara |
| 720 ## - ASIENTO SECUNDARIO - NOMBRE NO CONTROLADO |
| Nombre |
Boff, Clodovis |
| 720 ## - ASIENTO SECUNDARIO - NOMBRE NO CONTROLADO |
| Nombre |
Boff, Leonardo |
| 720 ## - ASIENTO SECUNDARIO - NOMBRE NO CONTROLADO |
| Nombre |
Bravo, Carlos |
| 720 ## - ASIENTO SECUNDARIO - NOMBRE NO CONTROLADO |
| Nombre |
Codina, Victor |
| 720 ## - ASIENTO SECUNDARIO - NOMBRE NO CONTROLADO |
| Nombre |
Comblin, José |
| 720 ## - ASIENTO SECUNDARIO - NOMBRE NO CONTROLADO |
| Nombre |
Gebara, Ivone |
| 720 ## - ASIENTO SECUNDARIO - NOMBRE NO CONTROLADO |
| Nombre |
Gutiérrez, Gustavo |
| 720 ## - ASIENTO SECUNDARIO - NOMBRE NO CONTROLADO |
| Nombre |
Libanio, Joao Batista |
| 720 ## - ASIENTO SECUNDARIO - NOMBRE NO CONTROLADO |
| Nombre |
Muñoz, Ronaldo |
| 720 ## - ASIENTO SECUNDARIO - NOMBRE NO CONTROLADO |
| Nombre |
Quiroz Magaña, Alvaro |
| 906 ## - LOCAL DATA ELEMENT F, LDF (RLIN) |
| a |
7 |
| b |
cbc |
| c |
orignew |
| d |
1 |
| e |
ocip |
| f |
19 |
| g |
y-gencatlg |
| 942 ## - TIPO DE MATERIAL (KOHA) |
| Tipo de Item KOHA |
Libros General |